Meranie na 3D súradnicovom meracom stroji DEA Global Performance 12.22.10

Salvato in:
Dettagli Bibliografici
Autore principale: Budiský, Roman, 1985- (Autore)
Altri autori: Králik, Marián, 1953- (xxx)
Natura: Manoscritto Libro
Lingua:slovacco
Pubblicazione: Bratislava : STU v Bratislave SjF, 2009
Soggetti:
Tags: Aggiungi Tag
Nessun Tag, puoi essere il primo ad aggiungerne!!

MARC

LEADER 00000ntm a22000003a 4500
001 stu219297
005 20150617230119.9
008 101213s2009----xo------------------slo-d
040 |a STU  |b slo 
041 0 |a slo 
044 |a xo 
100 1 |a Budiský, Roman,  |d 1985-  |4 aut  |u J0070  |U SjF Strojnícka fakulta  |T SjF Ústav výrobných systémov, enviromentálnej techniky a manažment kvality  |X 14155  |U J0070  |Y 804  |7 A000014155 
242 0 0 |a Measuring using the DEA Global Performance 12.22.10  |y eng 
245 1 |a Meranie na 3D súradnicovom meracom stroji DEA Global Performance 12.22.10 
260 |a Bratislava :  |b STU v Bratislave SjF,  |c 2009 
300 |a 138 s 
650 7 |a Súradnicový merací stroj  |2 stusub 
650 7 |a parametrický model  |2 stusub 
650 7 |a Coordinate Measuring Machine  |2 estusub 
650 7 |a parametric modelling  |2 estusub 
700 1 |a Králik, Marián,  |d 1953-  |4 xxx  |u J0070  |U SjF Strojnícka fakulta  |T SjF Ústav výrobných systémov, enviromentálnej techniky a manažment kvality  |X 2483  |U J0070  |Y 804  |7 A000002483 
996 |b 284J035896  |c J*506/DP  |l JJSK  |s A  |a 24  |w stu219297_0001